=LDR 00000nam 2200000 4500 =001 INLIS000000000023239 =005 20130612121920 =008 ***********************************Ind** =035 ##$$0010-061300000023239 =041 ##$$a Ind =082 ##$$a 371.302 =090 ##$$a 371.302; wil p =100 ##$$a Utama, Tjipto =245 ##$$a Peningkatan dan pengembangan pendidikan, Tjipto Utomo =260 ##$$a 1991 $b Jakarta =300 ##$$a 252 hlm, ilus, 21 cm =650 ##$$a Masalah pendidikan =850 ##$$a NBPNMAT